[Event "EU-ch Online U14"]
[Site "Tornelo INT"]
[Date "2020.09.19"]
[Round "6"]
[White "Sadekov, Maksim"]
[Black "Bakiev, Diyor"]
[Result "1/2-1/2"]
[WhiteElo "1690"]
[BlackElo "2070"]
[PlyCount "76"]
[EventDate "2020.09.18"]
[EventType "swiss (rapid)"]
[EventRounds "9"]
[EventCountry "NET"]
[SourceTitle "EXT 2023"]
[Source "ChessBase"]
[SourceDate "2022.10.05"]
[SourceVersion "1"]
[SourceVersionDate "2022.10.05"]
[SourceQuality "1"]
[WhiteTeam "Estonia"]
[BlackTeam "Germany"]
[WhiteTeamCountry "EST"]
[BlackTeamCountry "GER"]

1. d4 Nf6 2. c4 c5 3. d5 e6 4. Nc3 exd5 5. cxd5 d6 6. e4 g6 7. Nf3 Bg7 8. Bc4 0-0 9. 0-0 Bg4 10. h3 Bxf3 11. Qxf3 a6 12. a4 Nbd7 13. Bf4 Qc7 14. Rfe1 Rfe8 15. Rac1 Rab8 16. Rc2 Ne5 17. Bxe5 Rxe5 18. Rce2 Nd7 19. Qd3 Ree8 20. f4 Qa5 21. e5 dxe5 22. d6 e4 23. Rxe4 Rxe4 24. Rxe4 Rf8 25. Re7 Bd4+ 26. Kh2 Nb6 27. Rxb7 Qb4 28. Bxa6 Bxc3 29. bxc3 Qxf4+ 30. Qg3 Qxg3+ 31. Kxg3 Nxa4 32. d7 Rd8 33. Rc7 Kf8 34. c4 Ke7 35. Bb5 Nc3 36. Kf3 Nxb5 37. cxb5 Rxd7 38. Rxc5 Rd3+ 1/2-1/2

[Event "EU-ch Online U14"]
[Site "Tornelo INT"]
[Date "2020.09.18"]
[Round "1"]
[White "Bakiev, Diyor"]
[Black "Safarov, Deniel"]
[Result "0-1"]
[WhiteElo "2070"]
[BlackElo "1650"]
[PlyCount "90"]
[EventDate "2020.09.18"]
[EventType "swiss (rapid)"]
[EventRounds "9"]
[EventCountry "NET"]
[SourceTitle "EXT 2023"]
[Source "ChessBase"]
[SourceDate "2022.10.05"]
[SourceVersion "1"]
[SourceVersionDate "2022.10.05"]
[SourceQuality "1"]
[WhiteTeam "Germany"]
[BlackTeam "Georgia"]
[WhiteTeamCountry "GER"]
[BlackTeamCountry "GEO"]

1. e4 c5 2. c3 Nf6 3. e5 Nd5 4. d4 cxd4 5. Nf3 Nc6 6. cxd4 d6 7. Bc4 dxe5 8. dxe5 Be6 9. 0-0 g6 10. Ng5 Nxe5 11. Bb5+ Nc6 12. Nxe6 fxe6 13. Qe2 Qd6 14. Rd1 Bg7 15. Nc3 Bxc3 16. Rxd5 exd5 17. bxc3 0-0 18. Bb2 Qe5 19. Qd2 Rad8 20. Re1 Qf4 21. Qe2 e5 22. Ba3 Rf7 23. Bc5 a6 24. Be3 Qf5 25. Bd3 e4 26. Bc2 Ne5 27. f4 Nc4 28. Bc1 Qf6 29. Bxe4 Re8 30. Qf1 Rxe4 31. Rxe4 dxe4 32. Qxc4 Qb6+ 33. Kh1 Qb1 34. Qf1 e3 35. Qe1 Rxf4 36. h3 e2 37. Kh2 Re4 38. Qd2 e1Q 39. Qd5+ Re6 40. Qd8+ Re8 41. Qd5+ Qe6 42. Qd2 Qe5+ 43. g3 Qe2+ 44. Qxe2 Rxe2+ 45. Kg1 Qxc1# 0-1

[Event "EU-ch Online U14"]
[Site "Tornelo INT"]
[Date "2020.09.18"]
[Round "3"]
[White "Bakiev, Diyor"]
[Black "Stalmach, Richard"]
[Result "0-1"]
[WhiteElo "2070"]
[BlackElo "1667"]
[PlyCount "96"]
[EventDate "2020.09.18"]
[EventType "swiss (rapid)"]
[EventRounds "9"]
[EventCountry "NET"]
[SourceTitle "EXT 2023"]
[Source "ChessBase"]
[SourceDate "2022.10.05"]
[SourceVersion "1"]
[SourceVersionDate "2022.10.05"]
[SourceQuality "1"]
[WhiteTeam "Germany"]
[BlackTeam "Czech Republic"]
[WhiteTeamCountry "GER"]
[BlackTeamCountry "CZE"]

1. e4 c5 2. c3 Nf6 3. e5 Nd5 4. Bc4 e6 5. d4 cxd4 6. cxd4 Nc6 7. Nf3 d6 8. 0-0 Be7 9. Qe2 0-0 10. Qe4 Qc7 11. Bd3 g6 12. a3 b6 13. Bh6 Rd8 14. Rc1 Bb7 15. Nc3 dxe5 16. Nxd5 Rxd5 17. Nxe5 Qd6 18. Qf3 Nxe5 19. dxe5 Qxe5 20. Be4 Rad8 21. Bf4 Qxb2 22. Rab1 Qf6 23. Bc7 Rf5 24. Bxb7 Rxf3 25. Bxd8 Rxa3 26. Bc7 Bc5 27. Bg3 Rxg3 28. Rxc5 Rxg2+ 29. Bxg2 bxc5 30. Rb8+ Kg7 31. Rc8 Qa1+ 32. Bf1 Qc1 33. Kg2 Qg5+ 34. Kh1 Qd5+ 35. Kg1 a5 36. Rc7 a4 37. Ra7 Qd1 38. Kg2 Qg4+ 39. Kh1 Qf3+ 40. Kg1 a3 41. Ra5 Qg4+ 42. Kh1 Qe4+ 43. Kg1 Qb4 44. Ra7 Qg4+ 45. Kh1 Qd1 46. Kg2 a2 47. Rxa2 Qd5+ 48. f3 Qxa2+ 0-1

[Event "Prague Summer op 7th"]
[Site "Prague"]
[Date "2020.08.13"]
[Round "7"]
[White "Bakiev, Diyor"]
[Black "Kulhanek, Tomas"]
[Result "0-1"]
[WhiteElo "2098"]
[BlackElo "2339"]
[PlyCount "70"]
[EventDate "2020.08.08"]
[EventType "swiss"]
[EventRounds "9"]
[EventCountry "CZE"]
[SourceTitle "CBM 197 Extra"]
[Source "ChessBase"]
[SourceDate "2020.09.30"]
[SourceVersion "1"]
[SourceVersionDate "2020.09.30"]
[SourceQuality "1"]

1. e4 e6 2. d4 d5 3. e5 c5 4. c3 Qb6 5. Nf3 Nc6 6. a3 Nh6 7. b4 cxd4 8. cxd4 Nf5 9. Bb2 Bd7 10. g4 Nfe7 11. Nc3 Na5 12. Rc1 Rc8 13. Nd2 Ng6 14. h4 Be7 15. g5 0-0 16. h5 Nf4 17. Nf3 Nc4 18. Bxc4 dxc4 19. Kf1 Bc6 20. Rh4 Nd3 21. Rc2 Bxf3 22. Qxf3 Bxg5 23. Rg4 f6 24. Qg3 Kh8 25. Kg1 Bh6 26. exf6 gxf6 27. d5 e5 28. Na4 Qd6 29. Nc5 Qxd5 30. Nxd3 cxd3 31. Rxc8 Rxc8 32. Qh4 Qe6 33. Kh2 d2 34. Rg1 Bf4+ 35. Kh1 Qd5+ 0-1

[Event "Prague Summer op 7th"]
[Site "Prague"]
[Date "2020.08.09"]
[Round "2"]
[White "Bakiev, Diyor"]
[Black "Froeyman, Helmut"]
[Result "1/2-1/2"]
[WhiteElo "2098"]
[BlackElo "2281"]
[PlyCount "65"]
[EventDate "2020.08.08"]
[EventType "swiss"]
[EventRounds "9"]
[EventCountry "CZE"]
[SourceTitle "CBM 197 Extra"]
[Source "ChessBase"]
[SourceDate "2020.09.30"]
[SourceVersion "1"]
[SourceVersionDate "2020.09.30"]
[SourceQuality "1"]

1. e4 e5 2. Nf3 Nc6 3. Bb5 a6 4. Ba4 Nf6 5. Qe2 b5 6. Bb3 Be7 7. 0-0 0-0 8. c3 d6 9. Rd1 Na5 10. Bc2 c5 11. d3 Re8 12. Nbd2 Bf8 13. Nf1 h6 14. h3 d5 15. g4 Nc6 16. Ng3 d4 17. Kh2 a5 18. a4 dxc3 19. axb5 Nd4 20. Nxd4 cxb2 21. Bxb2 exd4 22. Bc1 Bd7 23. Ba4 Nd5 24. Bd2 Bd6 25. Qf3 Nb4 26. Kg2 Qb6 27. Nf5 Be5 28. Bf4 Bxb5 29. Bxb5 Qxb5 30. Bxe5 Rxe5 31. Nd6 Qd7 32. Nc4 Re6 33. Rxa5 1/2-1/2